| 000 | 00500nam a2200181Ia 4500 | ||
|---|---|---|---|
| 001 | 9015 | ||
| 005 | 20260306160652.0 | ||
| 008 | 260306t2012||||xx |||||||||||||| ||spa|| | ||
| 041 | _aESP | ||
| 082 |
_a372.218 _bJ24 |
||
| 100 |
_aJarvis, Diana _eAUT |
||
| 245 | 0 |
_aHacia el jardín de infantes que queremos: _bideas para pensar juntos en la gestión y la práctica pedagógica |
|
| 260 | _c2012 | ||
| 300 |
_a331 páginas : _c22 cm. |
||
| 650 | _aGEN | ||
| 654 | _aCED | ||
| 942 |
_cLIB _dJUS _fJUS _2ddc _n |
||
| 999 |
_c9015 _d9015 |
||